000 00514nam a22001575i 4500
001 48212
003 ES-MaACL
005 20230906161720.0
007 t|
008 950710s1891 fr ||||1| fre d
040 _aCAM
_bspa
_cCAM
100 1 _aChauveau, E.
_938219
245 1 3 _aLe droit des gens ou Droit international public
_b: introduction (notions générales), historique, méthode /
_cpar M.E. Chauveau.
260 _aParis :
_blibrairie... Arthur Rousseau, éditeur,
_c1891.
852 _aES-MaACL
_jF-7861
999 _c48212
_d48212